Suite Nouvelle et Véritable de l´Histoire et des Avantures de l´Incomparable Don-Quichotte de la Manche. (Record no. 3196)

MARC details
000 -CABECERA
campo de control de longitud fija 01141nam a2200277 a 4500
001 - NÚMERO DE CONTROL
campo de control BRCA_3460
005 - FECHA Y HORA DE LA ÚLTIMA TRANSACCIÓN
campo de control 20190320204308.0
041 ## - CÓDIGO DE LENGUA
Código de lengua del texto/banda sonora o título independiente fre
044 ## - CÓDIGO DEL PAÍS DE LA ENTIDAD EDITORA/PRODUCTORA
Código MARC del país fr
084 ## - OTRO NÚMERO DE CLASIFICACIÓN
Número de clasificación 749
Número de documento/Ítem .L435
-- 1741
245 10 - MENCIÓN DE TÍTULO
Título Suite Nouvelle et Véritable de l´Histoire et des Avantures de l´Incomparable Don-Quichotte de la Manche.
Mención de responsabilidad, etc. Traduite d´un Manuscrit Espagnol de Cid Hamet Benengely son veritable Historien.
260 ## - PUBLICACIÓN, DISTRIBUCIÓN, ETC.
Lugar de publicación, distribución, etc. París
Nombre del editor, distribuidor, etc. Charle le Clerc
Fecha de publicación, distribución, etc. 1741
300 ## - DESCRIPCIÓN FÍSICA
Extensión 6 v.
Otras características físicas il.
Dimensiones 17 cm.
500 ## - NOTA GENERAL
Nota general Contenido : v.1. Prefacio. Texto
500 ## - NOTA GENERAL
Nota general Reimpresión de la edición publicada en 1726, por los mismos editores. Semipiel; lomeras adornadas con filetes dorados Lúdovik Osterc
500 ## - NOTA GENERAL
Nota general QM259B
546 ## - NOTA DE LENGUA/LENGUAJE
Nota de lengua/lenguaje Texto en : francés
650 14 - PUNTO DE ACCESO ADICIONAL DE MATERIA--TÉRMINO DE MATERIA
Término de materia o nombre geográfico como elemento de entrada Novela española
Subdivisión cronológica Época clásica, 1500-1700
9 (RLIN) 215
650 14 - PUNTO DE ACCESO ADICIONAL DE MATERIA--TÉRMINO DE MATERIA
Término de materia o nombre geográfico como elemento de entrada Literatura española
Subdivisión cronológica Época clásica, 1500-1700
9 (RLIN) 216
650 14 - PUNTO DE ACCESO ADICIONAL DE MATERIA--TÉRMINO DE MATERIA
Término de materia o nombre geográfico como elemento de entrada Novela española
Subdivisión cronológica Siglo XVII
9 (RLIN) 217
650 14 - PUNTO DE ACCESO ADICIONAL DE MATERIA--TÉRMINO DE MATERIA
Término de materia o nombre geográfico como elemento de entrada Don Quijote (Personaje ficticio)
Término indicativo de función/relación Novela
9 (RLIN) 218
700 1# - PUNTO DE ACCESO ADICIONAL--NOMBRE DE PERSONA
Nombre de persona Cide Hamete Benengeli (Personaje ficticio)
9 (RLIN) 9037
740 0# - PUNTO DE ACCESO ADICIONAL--TÍTULO RELACIONADO O ANALÍTICO NO CONTROLADO
Título relacionado o analítico no controlado El Ingenioso Hidalgo Don Quijote de la Mancha
902 ## - CATALOGADOR
Iniciales QFM
942 ## - ELEMENTOS DE PUNTO DE ACCESO ADICIONAL (KOHA)
Fuente del sistema de clasificación o colocación Library of Congress Classification
Tipo de ítem Koha Libros
Holdings
Estado de retiro Estado de pérdida Estado dañado No para préstamo Localización permanente Ubicación/localización actual Fecha de adquisición Número de inventario Total de préstamos Signatura topográfica completa Código de barras Fecha visto por última vez Precio válido a partir de Tipo de ítem Koha
El ejemplar forma parte de la colección y puede ser consultado según las políticas vigentes.       Biblioteca del Museo Franz Mayer (Rogerio Casas-Alatriste) Biblioteca del Museo Franz Mayer (Rogerio Casas-Alatriste) 15/04/2009 QM259B   749 .L435 1741 (QM259B) 3457 22/03/2019 22/03/2019 Libros